000
00336nam a22001577a 4500
003
SGT
020
_a
9788120351684
082
_a
370,GHO
100
_a
GHOSH, SUNANDA
245
_a
EDUCATION IN EMERGING INDIAN SOCIETY
250
_a
2ND
260
_a
NEW DELHI
_b
PHI
_c
2016
300
_a
231
650
_a
EDUCATION
942
_2
ddc
_c
BK
999
_c
26813
_d
26813